000 00290nam a22001097a 4500
008 160613b xxu||||| |||| 00| 0 eng d
020 _a0838581250
041 _aeng
080 _a618.2
245 _aPrinciples of practice for the acute care nurse practicioner:
_cPaul Logan;
942 _2udc
_cBK
999 _c2485
_d2485